| 000 | 00472nam a2200181Ia 4500 | ||
|---|---|---|---|
| 001 | 25114 | ||
| 005 | 20260414151128.0 | ||
| 008 | 260414t2012||||xx |||||||||||||| ||spa|| | ||
| 041 | _aESP | ||
| 082 |
_a346.2 _bV917 T. 2 |
||
| 100 |
_aVarsi Rospigliosi, Enrique _eAUT |
||
| 245 | 0 |
_aTratado de derecho de familia : _bmatrimonio y uniones estables |
|
| 260 | _c2012 | ||
| 300 |
_a486 páginas : _c24 cm. |
||
| 650 | _aDER | ||
| 654 | _aCDE | ||
| 942 |
_cLIB _dJUS _fJUS _2ddc _n |
||
| 999 |
_c25114 _d25114 |
||